L'opera completa di Fattori

Bibliographic Details
Main Authors: Bianciardi, Luciano, Della Chiesa, Bruno
Format: Section = Libro
Language:Undetermined
Spanish
Published: Milano Rizzoli 1970
Subjects:
LEADER 00458nam a2200181Ia 4500
008 240829s9999 xx 000 0 und d
040 |a BIBLIOTECA-RUSB/ Ref 750 B577 
041 |a spa 
082 |a Ref 750 B577 
100 1 |a Bianciardi, Luciano  
100 1 |b  Della Chiesa, Bruno 
245 1 0 |a L'opera completa di Fattori 
260 |a Milano  |b Rizzoli  |c 1970 
300 |a 120 p. :il. 
650 7 |a PINTURAS FATTORI 
942 |c BK  |2 ddc 
991 |a TEXTO 
999 |c 6622